000 00783nam a22002417i 4500
003 DO-SdBNP
005 20240408141029.0
007 ta
008 210906b1984 201dr ac||| |||| 00| 0 spa d
040 _aDO-SdBNP
_bspa
_cBNPHU
_erda
082 4 _222
100 1 _aBáez, Ramón
_985159
245 1 0 _aSueños y realidades de 20 años /
_cJuan Báez ; prólogo, Mignolio Pujols.
264 _aSan José de Ocoa, República Dominicana :
_bImpresora Dominicana,
_c1984.
300 _a158 páginas :
_bilustraciones, tetratos ;
_c23 cm.
336 _2rdacontent
_atexto
_btxt
337 _2rdamedia
_asin mediación
_bn
338 _2rdacarrier
_avolumen
_bnc
590 _aInventariado, 2024 /LP
700 1 _aPujols, Mignolio,
_eprólogo
_979755
910 _aLP
942 _2ddc
_cLBS1
999 _c56291
_d56291